000 00474nmm a2200169Ia 4500
008 251105s9999||||xx |||||||||||||||||und||
020 _a9788497426688
041 _aspa
100 _aMartínez Elipe, León
245 0 _aIdea de la historia
264 _a[Madrid, España] :
_bBiblioteca Nueva,
_c2007
300 _a112 páginas
490 _aLibros singulares
650 _aHistory (General)
856 _uhttps://public.digitaliapublishing.com/a/45878
942 _cCF
999 _c90332
_d90332